| 000 | 00723nam a2200229 a 4500 | ||
|---|---|---|---|
| 001 | 000004057 | ||
| 005 | 20200929150702.0 | ||
| 008 | 090716s2009 dr 000 0 spa d | ||
| 020 | _a9789945410495 | ||
| 040 |
_aDO-SdBNP _bspa _cBNPHU |
||
| 082 |
_a808.51 _bH465o |
||
| 100 | 1 |
_aHeidelman _912101 |
|
| 245 | 1 | 0 |
_aOratoria contemporánea : _bdisfrute hablando en público / _cJulio Alberto Heidelman. |
| 260 |
_aSanto Domingo : _bLetra gráfica, _c2009. |
||
| 300 |
_a207 p. : ; _c22 cm. |
||
| 590 | _aInventariado, 2018/ YL | ||
| 504 | _aBibliografía: p. 207 | ||
| 650 | 4 |
_aOratoria _91172 |
|
| 650 | 4 |
_aComunicación oral _912102 |
|
| 650 | 4 |
_aHablar en público _98143 |
|
| 910 | _aValidado. Control de calidad MMOLINA | ||
| 999 |
_c3876 _d3876 |
||